Countries whose names do not contain the letter E - Statistics

General Stats
  • This quiz has been taken 46 times
    27 since last reset
  • The average score is 62 of 109
Answer Stats
Answer % Correct
Russia
85%
Spain
85%
Australia
80%
Brazil
80%
India
80%
Japan
80%
Portugal
80%
Canada
75%
China
75%
Chad
70%
Finland
70%
Malta
70%
Norway
70%
Panama
70%
Poland
70%
Uruguay
70%
Albania
65%
Andorra
65%
Bulgaria
65%
Colombia
65%
Cuba
65%
Cyprus
65%
Fiji
65%
Haiti
65%
Italy
65%
Laos
65%
Latvia
65%
Lithuania
65%
Mongolia
65%
Morocco
65%
Sudan
65%
Austria
60%
Dominica
60%
Guyana
60%
Hungary
60%
Iran
60%
Iraq
60%
Jordan
60%
Kazakhstan
60%
Libya
60%
Madagascar
60%
Malaysia
60%
Mauritania
60%
Oman
60%
Paraguay
60%
Romania
60%
San Marino
60%
South Sudan
60%
Vatican City
60%
Angola
55%
Antigua and Barbuda
55%
Barbados
55%
Bhutan
55%
Bolivia
55%
Croatıa
55%
Gambia
55%
Marshall Islands
55%
Monaco
55%
Namibia
55%
Nauru
55%
Palau
55%
Samoa
55%
Saudi Arabia
55%
Slovakia
55%
Somalia
55%
South Africa
55%
Syria
55%
Tajikistan
55%
Uganda
55%
Botswana
50%
Burkina Faso
50%
Costa Rica
50%
Djibouti
50%
Gabon
50%
Ghana
50%
Honduras
50%
Jamaica
50%
Kosovo
50%
Kuwait
50%
Kyrgyzstan
50%
Mali
50%
Mauritius
50%
Moldova
50%
Pakistan
50%
Saint Lucia
50%
Taiwan
50%
Thailand
50%
Togo
50%
Trinidad and Tobago
50%
Tuvalu
50%
Afghanistan
45%
Bahrain
45%
Cambodia
45%
Comoros
45%
Nicaragua
45%
Rwanda
45%
Solomon Islands
45%
Sri Lanka
45%
Tanzania
45%
Tunisia
45%
Kiribati
40%
Myanmar
40%
Vanuatu
40%
Bahamas
35%
Malawi
35%
Qatar
35%
United Kingdom
35%
Zambia
35%
Ivory Coast
30%
No matching quizzes found
Score Distribution
Percent of People with Each Score
Percentile by Number Answered
Your Score History
You have not taken this quiz since the last reset